Inteligencia y voluntad : revista ilustrada revista ilustrada
Descripción Física:
1 volum : il·lustracions, periodicitat mensual ; 24 cm
Idioma:
Español
MARC
| LEADER | 00000nas a2200000 a 4500 | ||
|---|---|---|---|
| 003 | Arxiu | ||
| 005 | 20260324180134.0 | ||
| 008 | 160829d1922193xspcmrxp spa c | ||
| 040 | |a AGDB | ||
| 080 | |a Revistes | ||
| 245 | 0 | 0 | |a Inteligencia y voluntad : |b revista ilustrada |
| 246 | 3 | 3 | |a Inteligencia y voluntad : |b boletín mensual, órgano del Colegio-Academia Torner |
| 260 | |a Barcelona : |b Colegio-Academia Torner, |c 1922-193? | ||
| 300 | |a 1 volum : |b il·lustracions, periodicitat mensual ; |c 24 cm | ||
| 310 | |a Mensual | ||
| 362 | |a Año 1, no. 1 (enero 1922)-19-- ? | ||
| 500 | |a Dirigida per: J. Torner y Forns | ||
| 500 | |a Capçalera tipogràfica | ||
| 590 | |a Mensual. | ||
| 590 | |a Descripció basada en: Any 5, núm. 49-50 (gen. 1930). | ||
| 590 | |a Prové de 4486, exp. 298 | ||
| 610 | 2 | 0 | |a Colegio-Academia Torner |v Revistes |x Estudiants |
| 655 | 0 | |9 55823 |a Revistes d'estudiants | |
| 710 | 2 | |9 56610 |a Colegio-Academia Torner | |
| 866 | |a Any 5, 1930 (49-50) | ||
| 901 | |a Arxiu | ||
| 942 | |n 1 |2 udc |c REV | ||
| 952 | |0 0 |1 0 |4 0 |6 REV2205 |7 1 |9 53930 |a Arxiu |b Arxiu |d 2023-06-21 |h Año 5, núms. 49-50 (enero 1930) |o Rev-2205 |p 28063 |r 2016-12-01 00:00:00 |w 2016-12-01 |y ARXIU | ||
| 999 | |c 57797 |d 57797 | ||